Advance maths : (Record no. 137432)

MARC details
000 -LEADER
fixed length control field 00749nam a22001937a 4500
005 - DATE AND TIME OF LATEST TRANSACTION
control field 20170207151640.0
010 ## - LCCN (DPL NO)
LC control number B-654493
020 ## - INTERNATIONAL STANDARD BOOK NUMBER
Terms of availability 375.00
International Standard Book Number 9788193209431
035 ## - SYSTEM CONTROL NUMBER
System control number B-654493
037 ## - SOURCE OF ACQUISITION
Source of stock number/acquisition L//RP/K.K. Publications
082 ## - DEWEY DECIMAL CLASSIFICATION NUMBER
Classification number 510
100 ## - MAIN ENTRY--PERSONAL NAME
Personal name Yadav,Rakesh
245 ## - TITLE STATEMENT
Title Advance maths :
Remainder of title with detailed solution of each question /
Statement of responsibility, etc by Rakesh Yadav
260 ## - PUBLICATION, DISTRIBUTION, ETC. (IMPRINT)
Place of publication, distribution, etc New Delhi
Name of publisher, distributor, etc Rakesh Yadav
Date of publication, distribution, etc (201?)
270 ## - ADDRESS
Address 15, Street No.2, Hakikat Nagar, GTB Nagar,
City New Delhi
Postal code 110009
300 ## - PHYSICAL DESCRIPTION
Extent 726p.
Dimensions 27cm(pbk)
942 ## - ADDED ENTRY ELEMENTS (KOHA)
Source of classification or shelving scheme Dewey Decimal Classification
Item type English Books
Classification part 510
Call number suffix YAD
Holdings
Withdrawn status Lost status Not for loan Collection code Home library Current library Date acquired Source of acquisition Cost, normal purchase price Full call number Barcode Copy number Cost, replacement price Koha item type
      Non-fiction Central Library Central Library 07/02/2017 K K. Publications/BL233/13.1.2017/RP4/5.1.2017/16.1.2017 375.00 510 YAD B-654493 1 375.00 English Books

© Delhi Public Library
Hit Counter
free hit counter